[Event "Catanduva 100 Years"]
[Site "Catanduva"]
[Date "2018.04.08"]
[Round "5"]
[White "Ferreira Iolanda, Gabriel"]
[Black "Shiroma, Silvio Haruo"]
[Result "0-1"]
[WhiteElo "1862"]
[BlackElo "2204"]
[PlyCount "78"]
[EventDate "2018.04.07"]
[EventType "tourn"]
[EventRounds "5"]
[EventCountry "BRA"]
[SourceTitle "EXT 2019"]
[Source "ChessBase"]
[SourceDate "2018.10.10"]
[SourceVersion "1"]
[SourceVersionDate "2018.10.10"]
[SourceQuality "1"]

1. c4 e5 2. Nc3 d6 3. e4 f5 4. d3 Nf6 5. g3 g6 6. Bg2 Bg7 7. Nge2 0-0 8. 0-0 c6 9. h3 a5 10. Rb1 Na6 11. a3 Be6 12. b3 Qc7 13. Be3 h6 14. f4 Kh7 15. Na4 Nd7 16. fxe5 dxe5 17. Qc2 Qd6 18. c5 Qe7 19. Kh2 fxe4 20. Bxe4 Nf6 21. Nec3 Nxe4 22. Nxe4 Nc7 23. Nb6 Nd5 24. Bg1 Rxf1 25. Rxf1 Nxb6 26. cxb6 Qxa3 27. Nc5 Bd5 28. Nxb7 a4 29. b4 h5 30. Bc5 h4 31. Nd6 hxg3+ 32. Kxg3 e4 33. b7 exd3 34. Qd2 Rb8 35. Nf7 Rxb7 36. Ng5+ Kg8 37. Qe3 Rb8 38. b5 Qc3 39. Re1 d2 0-1

[Event "Ribeirao Preto RECRA 1st"]
[Site "Ribeirao Preto"]
[Date "2010.12.05"]
[Round "6.3"]
[White "Shiroma, Silvio Haruo"]
[Black "Supi, Luis Paulo"]
[Result "1/2-1/2"]
[WhiteElo "2182"]
[BlackElo "2148"]
[PlyCount "82"]
[EventDate "2010.12.03"]
[EventType "swiss"]
[EventRounds "6"]
[EventCountry "BRA"]
[SourceTitle "EXT 2022"]
[Source "ChessBase"]
[SourceDate "2021.10.06"]
[SourceVersion "1"]
[SourceVersionDate "2021.10.06"]
[SourceQuality "1"]

1. e4 c5 2. f4 d5 3. exd5 Nf6 4. Bb5+ Bd7 5. Bxd7+ Qxd7 6. c4 e6 7. Qe2 Bd6 8. d3 0-0 9. dxe6 fxe6 10. Nf3 Nc6 11. 0-0 Rae8 12. Nc3 e5 13. f5 Nd4 14. Qd1 Nxf5 15. Bg5 Ng4 16. Qd2 e4 17. dxe4 Nd4 18. Rad1 h6 19. Be3 Qc7 20. h3 Nxf3+ 21. Rxf3 Rxf3 22. gxf3 Nxe3 23. Qxe3 Be5 24. Kf1 Rf8 25. Rd3 a6 26. Qd2 Qf7 27. Nd5 Bd4 28. Qg2 b5 29. cxb5 axb5 30. a3 Qe6 31. Qg4 Qe5 32. Rb3 Rb8 33. Qg6 Rf8 34. Kg2 Bxb2 35. Rxb5 Qd4 36. Ne7+ Kh8 37. Qg3 Re8 38. Nf5 Qd2+ 39. Qf2 Qg5+ 40. Qg3 Qd2+ 41. Qf2 Qg5+ 1/2-1/2

[Event "Sao Paulo op"]
[Site "Sao Paulo"]
[Date "2010.11.28"]
[Round "6"]
[White "Cunha, Lucas Aguiar"]
[Black "Shiroma, Silvio Haruo"]
[Result "1/2-1/2"]
[WhiteElo "2088"]
[BlackElo "2182"]
[PlyCount "91"]
[EventDate "2010.11.26"]
[EventType "swiss"]
[EventRounds "6"]
[EventCountry "BRA"]
[SourceTitle "EXT 2012"]
[Source "ChessBase"]
[SourceDate "2011.11.24"]
[SourceVersion "1"]
[SourceVersionDate "2011.11.24"]
[SourceQuality "1"]

1. Nf3 Nf6 2. c4 g6 3. b4 Bg7 4. Bb2 0-0 5. d3 c6 6. g3 a5 7. b5 cxb5 8. cxb5 Qb6 9. Qa4 d6 10. Na3 Nbd7 11. Nc4 Qd8 12. Bg2 Nc5 13. Qd1 a4 14. 0-0 Bd7 15. Rb1 Re8 16. Ba3 Nd5 17. Bb4 Bxb5 18. Qc2 Nxb4 19. Rxb4 Bc6 20. d4 Be4 21. Qd1 Na6 22. Rb2 Nc7 23. Nb6 a3 24. Rb3 Ra6 25. d5 e6 26. Nh4 Bxg2 27. Nxg2 Na8 28. Nc4 exd5 29. Qxd5 Rxe2 30. Qxb7 Ra4 31. Qb5 Ra7 32. Re3 Nc7 33. Qb3 Rxe3 34. Ngxe3 d5 35. Rd1 d4 36. Nxa3 Qa8 37. Nec2 Ne6 38. Nb5 Rxa2 39. Nbxd4 Ng5 40. Nc6 Bf8 41. N2b4 Ra1 42. Rxa1 Qxa1+ 43. Kg2 Qe1 44. Qd5 h6 45. Nd3 Qe6 46. Qxe6 1/2-1/2

[Event "Sao Paulo op"]
[Site "Sao Paulo"]
[Date "2010.11.27"]
[Round "3"]
[White "Shiroma, Silvio Haruo"]
[Black "Oliveira, Fernando Henrique"]
[Result "1-0"]
[WhiteElo "2182"]
[BlackElo "2032"]
[PlyCount "129"]
[EventDate "2010.11.26"]
[EventType "swiss"]
[EventRounds "6"]
[EventCountry "BRA"]
[SourceTitle "EXT 2012"]
[Source "ChessBase"]
[SourceDate "2011.11.24"]
[SourceVersion "1"]
[SourceVersionDate "2011.11.24"]
[SourceQuality "1"]

1. e4 c5 2. Nc3 e6 3. f4 Nc6 4. Nf3 d5 5. Bb5 Nge7 6. Ne5 Bd7 7. Bxc6 Bxc6 8. Qe2 Qc7 9. 0-0 d4 10. Nb5 Qb8 11. c3 a6 12. Na3 f6 13. Nd3 Qa7 14. Qh5+ g6 15. Qh4 Bg7 16. cxd4 c4 17. Nc5 Kf7 18. Nxc4 Rad8 19. Qf2 b6 20. Ne5+ fxe5 21. fxe5+ Nf5 22. exf5 bxc5 23. fxg6+ Kg8 24. Qf7+ Qxf7 25. gxf7+ Kf8 26. b3 Bb5 27. Rf2 Rd7 28. Ba3 Rxf7 29. Bxc5+ Ke8 30. Rc1 Rxf2 31. Kxf2 Kd7 32. Rc3 Bf8 33. Bb6 Bc6 34. Rh3 h6 35. Rh4 Rg8 36. g3 Bd5 37. Rf4 Kc6 38. Ba5 Be7 39. Rf7 Rf8 40. Rxf8 Bxf8 41. d3 Kb5 42. Bd2 h5 43. h3 Bb4 44. Be3 Bf8 45. Bd2 Bb4 46. a4+ Ka5 47. Bxb4+ Kxb4 48. g4 hxg4 49. h4 Bxb3 50. h5 Bc2 51. d5 Kc5 52. dxe6 Kc6 53. Kg3 Kc7 54. d4 Bxa4 55. d5 a5 56. d6+ Kd8 57. Kxg4 Bc2 58. Kg5 a4 59. Kf6 a3 60. e7+ Ke8 61. e6 Ba4 62. d7+ Bxd7 63. exd7+ Kxd7 64. Kf7 a2 65. e8Q+ 1-0

[Event "Batatais op 1st"]
[Site "Batatais"]
[Date "2010.11.21"]
[Round "5.1"]
[White "Shiroma, Silvio Haruo"]
[Black "Santos, Marcus Vinicius M"]
[Result "1/2-1/2"]
[WhiteElo "2182"]
[BlackElo "2375"]
[PlyCount "126"]
[EventDate "2010.11.19"]
[EventType "swiss"]
[EventRounds "6"]
[EventCountry "BRA"]
[SourceTitle "EXT 2022"]
[Source "ChessBase"]
[SourceDate "2021.10.06"]
[SourceVersion "1"]
[SourceVersionDate "2021.10.06"]
[SourceQuality "1"]

1. e4 e5 2. Nf3 Nc6 3. Bc4 Nf6 4. Ng5 d5 5. exd5 Na5 6. Bb5+ c6 7. dxc6 bxc6 8. Be2 h6 9. Nh3 g5 10. d3 Bg7 11. Nc3 0-0 12. Ng1 Nb7 13. Be3 Nd6 14. h4 g4 15. Qd2 Nf5 16. Bc5 Re8 17. Ne4 Qd5 18. c4 Qe6 19. 0-0-0 Nxe4 20. dxe4 Nd4 21. Bd3 a5 22. Bxd4 exd4 23. Kb1 Ba6 24. Rc1 Reb8 25. c5 Bxd3+ 26. Qxd3 Rb4 27. Rc2 Rab8 28. Ne2 Qd7 29. Rd1 Qb7 30. Rdd2 a4 31. f4 gxf3 32. gxf3 Qa7 33. Rc4 Rxc4 34. Qxc4 Qa5 35. Rc2 Qe1+ 36. Nc1 a3 37. b3 Rd8 38. Re2 Qxh4 39. e5 Qh3 40. e6 fxe6 41. Rxe6 Kh8 42. Qe2 Qf5+ 43. Nd3 Rf8 44. Rxc6 Qxf3 45. Qxf3 Rxf3 46. Kc2 h5 47. Re6 Kh7 48. c6 Rf7 49. Nb4 Rf5 50. Na6 Rf2+ 51. Kd3 Rf3+ 52. Kc4 Rc3+ 53. Kb5 d3 54. Rd6 Be5 55. Rd5 Bf4 56. Nc5 d2 57. Ne4 Rxb3+ 58. Kc4 Rb2 59. Kc3 Be5+ 60. Kc4 Rc2+ 61. Kb3 Rxc6 62. Nxd2 Rc3+ 63. Kb4 Rc2 1/2-1/2

[Event "Botucatu da Rosa Junior"]
[Site "Botucatu"]
[Date "2010.05.02"]
[Round "5"]
[White "Shiroma, Silvio Haruo"]
[Black "Branchini, Fernando Luis Sakam"]
[Result "1/2-1/2"]
[WhiteElo "2116"]
[BlackElo "1879"]
[PlyCount "38"]
[EventDate "2010.04.30"]
[EventType "swiss"]
[EventRounds "6"]
[EventCountry "BRA"]
[SourceTitle "EXT 2022"]
[Source "ChessBase"]
[SourceDate "2021.10.06"]
[SourceVersion "1"]
[SourceVersionDate "2021.10.06"]
[SourceQuality "1"]

1. e4 e6 2. d4 d5 3. Nd2 Nf6 4. e5 Nfd7 5. c3 c5 6. Bd3 Nc6 7. Ne2 Qb6 8. Nf3 cxd4 9. cxd4 Bb4+ 10. Kf1 f6 11. Nf4 fxe5 12. dxe5 Ndxe5 13. Nxe5 Nxe5 14. Qh5+ Nf7 15. Bxh7 e5 16. Nd3 Qb5 17. Kg1 Qxd3 18. Qxf7+ Kxf7 19. Bxd3 g6 1/2-1/2

[Event "Sindilegis op-B"]
[Site "Sindilegis"]
[Date "2009.10.23"]
[Round "?"]
[White "Garcia, Liria Caetano"]
[Black "Shiroma, Silvio Haruo"]
[Result "1/2-1/2"]
[WhiteElo "1942"]
[BlackElo "2104"]
[PlyCount "120"]
[EventDate "2009.10.23"]
[EventType "swiss"]
[EventRounds "6"]
[EventCountry "BRA"]
[SourceTitle "EXT 2012"]
[Source "ChessBase"]
[SourceDate "2011.11.24"]
[SourceVersion "1"]
[SourceVersionDate "2011.11.24"]
[SourceQuality "1"]

1. d4 Nf6 2. c4 g6 3. Nc3 Bg7 4. e4 d6 5. f3 0-0 6. Bg5 c5 7. d5 e6 8. Qd2 exd5 9. cxd5 a6 10. a4 Nbd7 11. Nh3 Re8 12. Be2 Qc7 13. Nf2 Nf8 14. 0-0 N6d7 15. Ng4 Kh8 16. Nh6 f6 17. Nf7+ Kg8 18. Nh6+ Kh8 19. Nf7+ Kg8 20. Nh6+ Bxh6 21. Bxh6 Ne5 22. Be3 Bd7 23. h3 b6 24. f4 Nf7 25. Bc4 Kg7 26. Rad1 Bc8 27. Qf2 Qe7 28. Rfe1 Ra7 29. Qf3 Qd8 30. Bf2 h6 31. Be3 Rae7 32. Qf1 Ra7 33. b3 Ree7 34. Bc1 Qe8 35. Bb2 Nd7 36. e5 fxe5 37. Ne4 Qf8 38. f5 Nf6 39. Nxf6 Kxf6 40. fxg6+ Kxg6 41. Bd3+ Kg7 42. Qf3 Kh8 43. Bc1 Qg7 44. Rf1 Re8 45. Qh5 Rg8 46. Rf2 Ng5 47. Bf5 Bxf5 48. Rxf5 Nf7 49. Rf2 Qg6 50. Qh4 Ng5 51. Bxg5 Qxg5 52. Qxg5 hxg5 53. Rf6 Rd7 54. Rdf1 Kh7 55. Re6 Rg6 56. Re8 Rg8 57. Re6 Rg6 58. Re8 Kg7 59. Rff8 Rf7 60. Rg8+ Kh7 1/2-1/2

[Event "Brasil op CR Verde"]
[Site "Brazil"]
[Date "2009.06.11"]
[Round "2"]
[White "Chiari, Arthur Gontijo"]
[Black "Shiroma, Silvio Haruo"]
[Result "0-1"]
[WhiteElo "1846"]
[BlackElo "2119"]
[PlyCount "70"]
[EventDate "2009.06.11"]
[EventType "swiss"]
[EventRounds "7"]
[EventCountry "BRA"]
[SourceTitle "EXT 2012"]
[Source "ChessBase"]
[SourceDate "2011.11.24"]
[SourceVersion "1"]
[SourceVersionDate "2011.11.24"]
[SourceQuality "1"]

1. e4 e5 2. Nf3 Nc6 3. Bc4 Bc5 4. c3 Nf6 5. d4 exd4 6. e5 d5 7. Bb5 Ne4 8. cxd4 Bb6 9. Bxc6+ bxc6 10. 0-0 Bg4 11. Be3 0-0 12. Nbd2 f6 13. Qc2 Nxd2 14. Nxd2 fxe5 15. Nb3 Qe8 16. Nc5 e4 17. Qd2 Qg6 18. Bf4 Qf6 19. Be5 Qe7 20. Rac1 h5 21. h3 Bc8 22. a4 Rf5 23. Bf4 Ba5 24. Qe3 Rb8 25. b3 g5 26. Bh2 Rf7 27. Kh1 Kh7 28. Qe2 g4 29. Qe3 gxh3 30. gxh3 Rf3 31. Qe2 Rxh3 32. f4 Bg4 33. Qf2 Bf3+ 34. Qxf3 exf3 35. Nd3 Rxh2+ 0-1

[Event "Barrinha Calil Memorial-A"]
[Site "Barrinha"]
[Date "2009.02.24"]
[Round "8"]
[White "Shiroma, Silvio Haruo"]
[Black "Bueno, Alfeu Varela Jr"]
[Result "0-1"]
[WhiteElo "2105"]
[BlackElo "2254"]
[PlyCount "46"]
[EventDate "2009.02.20"]
[EventType "tourn"]
[EventRounds "9"]
[EventCountry "BRA"]
[SourceTitle "EXT 2011"]
[Source "ChessBase"]
[SourceDate "2010.11.26"]
[SourceVersion "1"]
[SourceVersionDate "2010.11.26"]
[SourceQuality "1"]

1. e4 e6 2. d4 d5 3. Nd2 Nf6 4. e5 Nfd7 5. Bd3 c5 6. c3 Nc6 7. Ne2 cxd4 8. cxd4 f6 9. exf6 Nxf6 10. Nf3 Bd6 11. 0-0 Qb6 12. Nc3 Bd7 13. Be3 0-0 14. Re1 a6 15. a3 Be8 16. Ng5 Nd8 17. Qc2 h6 18. Nh7 Nxh7 19. Bxh7+ Kh8 20. g4 Qc7 21. h4 Qf7 22. Bd3 Qf3 23. Qd1 Qh3 0-1

[Event "Barrinha Calil Memorial-A"]
[Site "Barrinha"]
[Date "2009.02.21"]
[Round "2"]
[White "Shiroma, Silvio Haruo"]
[Black "Batista, Juvenal Pereira"]
[Result "1/2-1/2"]
[WhiteElo "2105"]
[BlackElo "2210"]
[PlyCount "72"]
[EventDate "2009.02.20"]
[EventType "tourn"]
[EventRounds "9"]
[EventCountry "BRA"]
[SourceTitle "EXT 2011"]
[Source "ChessBase"]
[SourceDate "2010.11.26"]
[SourceVersion "1"]
[SourceVersionDate "2010.11.26"]
[SourceQuality "1"]

1. e4 e5 2. Nf3 Nc6 3. Bb5 f5 4. Nc3 fxe4 5. Nxe4 d5 6. Nxe5 dxe4 7. Nxc6 Qg5 8. Qe2 Nf6 9. f4 Qxf4 10. Ne5+ c6 11. d4 Qh4+ 12. g3 Qh3 13. Bc4 Be6 14. Bg5 Bd6 15. 0-0-0 0-0-0 16. Qf1 Rhe8 17. Bxf6 Qh6+ 18. Kb1 Qxf6 19. Qxf6 gxf6 20. Bxe6+ Rxe6 21. Nf7 Rf8 22. Nxd6+ Rxd6 23. c3 f5 24. Rhf1 Rh6 25. Rd2 Rh3 26. Rf4 h5 27. Kc2 Kd7 28. Rdf2 Ke6 29. Kd1 e3 30. Re2 Kf6 31. Kc2 Kg5 32. Kd3 Re8 33. Rf3 Kg4 34. Rf4+ Kg5 35. Rf3 Kg4 36. Rf4+ Kg5 1/2-1/2